[Event "Mistrzostwa Polski Juniorow do lat 16 - Dziewczeta"]
[Site "Jastrzebia Gora"]
[Date "1899-12-30"]
[Round "7.3"]
[White "Ziobrowska, Maja"]
[Black "Pawicka, Magdalena"]
[Result "1/2-1/2"]
[WhiteTitle "I++"]
[BlackTitle "k+"]
[WhiteElo "1758"]
[BlackElo "1805"]

1. e4 e5 2. Nf3 Nc6 3. Bb5 a6 4. Ba4 d6 5. Bxc6+ bxc6 6. d4 f6 7. Nc3 Ne7 8. Be3
Ng6 9. O-O Be7 10. Qd3 Be6 11. d5 cxd5 12. Nxd5 O-O 13. h4 f5 14. Bg5 h6 15. exf5
Bxf5 16. Qc4 Kh8 17. Bxe7 Nxe7 18. Ne3 Bh7 19. Rad1 Qc8 20. Qe2 Qb7 21. c4 Ng6
22. Nd5 Nf4 23. Nxf4 Rxf4 24. c5 e4 25. Qe3 Raf8 26. Nd4 Rxh4 27. Ne6 Rg8 28.
cxd6 cxd6 29. Rxd6 Qxb2 30. Rxa6 Qb5 31. Ra3 Qh5 32. f3 Re8 33. Nf4 Qg5 34. Nh3
Qg6 35. f4 Rg4 36. Rf2 Rd8 37. Kh2 Qd6 38. Rc3 Qd5 39. a3 Qd1 40. Rc1 Qd3 41.
Qxd3 exd3 42. Rd2 Rg6 43. Nf2 Ra6 44. Rc3 Rda8 45. Ra2 Rd8 46. Rd2 Re6 47. a4
Ra6 48. Ra3 Rd4 49. Kg3 Raxa4 50. Rxa4 Rxa4 51. Kf3 g5 52. fxg5 hxg5 53. g3 Kg7
54. Ke3 Kf6 55. Nxd3 Ra3 56. Kd4 Rxd3+ 57. Rxd3 Bxd3 58. Kxd3 Kf5 59. Ke3 Kg4
60. Kf2 Kf5 1/2-1/2

[Event "Mistrzostwa Polski Juniorow do lat 16 - Dziewczeta"]
[Site "Jastrzebia Gora"]
[Date "1899-12-30"]
[Round "7.4"]
[White "Pastuszko, Katarzyna"]
[Black "Smietanska, Wiktoria"]
[Result "0-1"]
[WhiteTitle "I++"]
[BlackTitle "CM"]
[WhiteElo "1286"]
[BlackElo "1954"]

1. e4 c5 2. Nf3 d6 3. d4 cxd4 4. Qxd4 Nf6 5. Nc3 Nc6 6. Bb5 Bd7 7. Bxc6 Bxc6 8.
Bg5 Nd7 9. O-O-O Qa5 10. Kb1 Rc8 11. Rhe1 e6 12. h4 b5 13. h5 h6 14. Bh4 b4 15.
Ne2 Qxh5 16. Nf4 Qc5 17. Qd2 a5 18. Nd3 Qb6 19. Nh2 Ba4 20. Rc1 Nc5 21. f4 Qc6
22. Nxc5 Qxc5 23. e5 d5 24. g4 Be7 25. Bxe7 Qxe7 26. f5 Qc5 27. fxe6 fxe6 28.
Qd3 O-O 29. g5 Bxc2+ 30. Qxc2 Qxc2+ 31. Rxc2 Rxc2 32. Kxc2 Rf2+ 33. Kb3 Rxh2 34.
gxh6 gxh6 35. Ka4 Rxb2 36. Kxa5 Kh7 37. Rf1 Rxa2+ 38. Kxb4 Re2 39. Rf7+ Kg8 40.
Rf6 Rxe5 41. Rxh6 Kg7 42. Rh1 d4 43. Rd1 Re4 44. Kc4 e5 45. Kd5 Re3 46. Kc4 Kf6
47. Rd2 Ke6 48. Rd1 Rc3+ 49. Kb4 Kd5 50. Re1 Rc8 51. Re2 Rb8+ 52. Ka3 d3 53. Rd2
Kc4 0-1

[Event "Mistrzostwa Polski Juniorow do lat 16 - Dziewczeta"]
[Site "Jastrzebia Gora"]
[Date "1899-12-30"]
[Round "7.15"]
[White "Sprzeczka, Emilia"]
[Black "Domeradzka, Karolina"]
[Result "1-0"]
[WhiteTitle "I++"]
[BlackTitle "II"]
[WhiteElo "1887"]
[BlackElo "1194"]

1. e4 e5 2. Nf3 Nf6 3. d4 Nxe4 4. Bd3 d5 5. Nxe5 Bd6 6. O-O O-O 7. c4 c6 8. cxd5
cxd5 9. Nc3 Nxc3 10. bxc3 Nc6 11. f4 f6 12. Qh5 f5 13. Rf3 Qe8 14. Qh3 Rf6 15.
Rg3 Kh8 16. Rg5 Rh6 17. Qf3 Be7 18. Bxf5 Bxg5 19. fxg5 Nxe5 20. dxe5 Rc6 21. Bc2
Qg8 22. Ba4 Rc7 23. Ba3 Be6 24. Bd6 Rf7 25. Qg3 g6 26. Qe3 a6 27. Rd1 Rc8 28.
Bb3 Rd7 29. Qd4 Kg7 30. Bxd5 Bxd5 31. e6# 1-0

[Event "Mistrzostwa Polski Juniorow do lat 16 - Dziewczeta"]
[Site "Jastrzebia Gora"]
[Date "1899-12-30"]
[Round "8.1"]
[White "Smietanska, Wiktoria"]
[Black "Szczotka, Klara"]
[Result "1/2-1/2"]
[WhiteTitle "CM"]
[BlackTitle "k++"]
[WhiteElo "1954"]
[BlackElo "1739"]

1. Nf3 Nf6 2. c4 e6 3. g3 b6 4. Bg2 Bb7 5. d4 Bb4+ 6. Nbd2 O-O 7. a3 Be7 8. O-O
d5 9. cxd5 exd5 10. Ne5 Nbd7 11. Ndf3 c5 12. Qa4 Nxe5 13. Nxe5 Qe8 14. Qd1 Bd6
15. Nd3 Rc8 16. dxc5 bxc5 17. Bf4 Bxf4 18. Nxf4 Qe5 19. Rc1 Rfd8 20. Qa4 a6 21.
Nd3 Qd6 22. Qa5 c4 23. Nb4 Rc5 24. Qa4 a5 25. Na2 Bc6 26. Qc2 d4 27. b4 axb4 28.
axb4 Re5 29. Bxc6 Qxc6 30. Qxc4 Qxc4 31. Rxc4 Rxe2 32. Nc1 Rd2 33. Nb3 Rd3 34.
Nc5 Rc3 35. Rc1 Rxc4 36. Rxc4 g6 37. Nd3 Kf8 38. Kg2 Rd5 39. b5 Rxb5 40. Rxd4
Rd5 1/2-1/2

[Event "Mistrzostwa Polski Juniorow do lat 16 - Dziewczeta"]
[Site "Jastrzebia Gora"]
[Date "1899-12-30"]
[Round "8.3"]
[White "Tokarz, Izabela"]
[Black "Pawicka, Magdalena"]
[Result "1-0"]
[WhiteTitle "I++"]
[BlackTitle "k+"]
[WhiteElo "1725"]
[BlackElo "1805"]

1. d4 Nf6 2. c4 c5 3. d5 b5 4. cxb5 a6 5. e3 g6 6. Nc3 Bg7 7. a4 O-O 8. Nf3 d6
9. Ra3 axb5 10. Bxb5 Na6 11. e4 Nc7 12. Bc4 Ba6 13. Bxa6 Rxa6 14. O-O Qa8 15.
Qc2 Rb8 16. h3 Nd7 17. Nd2 Rb4 18. b3 e6 19. dxe6 fxe6 20. Bb2 Ne5 21. Ne2 Rc6
22. f4 Nd7 23. Bxg7 Kxg7 24. f5 Ne5 25. Nc4 Nxc4 26. bxc4 Ra6 27. Qc3+ e5 28.
fxg6 hxg6 29. Qf3 Qe8 30. Qf6+ Kg8 31. Raf3 Rb8 32. Qh4 Rxa4 33. Rf7 Qxf7 34.
Rxf7 Kxf7 35. Qh7+ Ke6 36. Qxc7 Rb1+ 37. Kh2 Rxc4 38. Qc8+ Ke7 39. Qc7+ Ke6 40.
Qc6 Rc2 41. Qe8+ Kf6 42. Qh8+ Ke6 43. Qg8+ Kf6 44. Qf8+ Ke6 45. Qf3 Rbb2 46. Nc3
c4 47. Qg4+ Kf7 48. Nd5 c3 49. Qd7+ Kg8 50. Qd8+ Kg7 51. Qf6+ Kh7 52. Qf7+ Kh6
53. Qf8+ Kh5 54. Qh8+ Kg5 55. h4+ Kg4 56. Nf6+ Kf4 57. Qh6+ g5 58. Qxg5# 1-0

[Event "Mistrzostwa Polski Juniorow do lat 16 - Dziewczeta"]
[Site "Jastrzebia Gora"]
[Date "1899-12-30"]
[Round "8.5"]
[White "Siekanska, Maria"]
[Black "Zapalowska, Wiktoria"]
[Result "1-0"]
[WhiteTitle "k++"]
[BlackTitle "I+"]
[WhiteElo "1996"]
[BlackElo "1639"]

1. d4 d5 2. c4 dxc4 3. e3 Nf6 4. Bxc4 e6 5. Nf3 a6 6. a4 c5 7. O-O Nc6 8. Nc3 cxd4
9. exd4 Be7 10. Re1 O-O 11. Bg5 h6 12. Bh4 Bd7 13. Qe2 Nh5 14. Bxe7 Nxe7 15. Rad1
Nf6 16. Ne5 Be8 17. Qf3 Bc6 18. Nxc6 bxc6 19. Ne4 Ned5 20. Nc5 Qb6 21. b3 a5 22.
h4 Ra7 23. Bd3 Nd7 24. Rc1 Nxc5 25. Rxc5 Rc8 26. Rec1 Rac7 27. Be4 Nb4 28. Bb1
Na6 29. R5c4 Nb4 30. Qe4 g6 31. h5 gxh5 32. Qh7+ Kf8 33. Qxh6+ Ke8 34. Qxh5 Nd5
35. Qf3 c5 36. Be4 Nb4 37. Qg3 Na6 38. d5 exd5 39. Bxd5 Re7 40. Rd1 Qh6 41. Rh4
Qf8 42. Qh3 1-0

[Event "Mistrzostwa Polski Juniorow do lat 16 - Dziewczeta"]
[Site "Jastrzebia Gora"]
[Date "1899-12-30"]
[Round "8.10"]
[White "Pniewska, Beata"]
[Black "Sprzeczka, Emilia"]
[Result "0-1"]
[WhiteTitle "I+"]
[BlackTitle "I++"]
[WhiteElo "1448"]
[BlackElo "1887"]

1. c4 g6 2. g3 Bg7 3. Bg2 c5 4. e3 Nc6 5. Ne2 e5 6. Nbc3 Nge7 7. Nb5 d6 8. d4 cxd4
9. exd4 a6 10. d5 axb5 11. dxc6 Nxc6 12. cxb5 Ne7 13. Nc3 O-O 14. Bg5 f6 15. Qb3+
Kh8 16. Bd2 Nf5 17. Ne2 Re8 18. O-O Be6 19. Bd5 Qd7 20. Rac1 Bxd5 21. Qxd5 Ne7
22. Qb3 d5 23. Nc3 b6 24. Na4 Qa7 25. Nc3 Qd7 26. Na4 Rab8 27. Rfd1 d4 28. Be3
Qa7 29. Bxd4 exd4 30. Rxd4 Nf5 31. Rdc4 Rb7 32. Rc8 Rbe7 33. R1c7 Qa5 34. Rxe8+
Rxe8 35. Qf7 Qe1+ 36. Kg2 Ne3+ 37. fxe3 Qe2+ 38. Kg1 Qxe3+ 39. Kg2 Qe2+ 40. Kg1
Qe1+ 41. Kg2 Re2+ 42. Kh3 Qf1+ 43. Kh4 Rxh2+ 0-1

[Event "Mistrzostwa Polski Juniorow do lat 16 - Dziewczeta"]
[Site "Jastrzebia Gora"]
[Date "1899-12-30"]
[Round "9.3"]
[White "Bar, Klaudia"]
[Black "Siekanska, Maria"]
[Result "0-1"]
[WhiteTitle "I++"]
[BlackTitle "k++"]
[WhiteElo "1731"]
[BlackElo "1996"]

1. e4 c5 2. Nf3 d6 3. d4 cxd4 4. Nxd4 Nf6 5. Nc3 a6 6. f4 e6 7. Qf3 Qb6 8. Nb3
Nbd7 9. Be3 Qc7 10. g4 Nb6 11. g5 Nfd7 12. O-O-O Nc4 13. Bxc4 Qxc4 14. Rd4 Qc6
15. Rhd1 b6 16. Qe2 b5 17. Bf2 e5 18. R4d2 exf4 19. Nd5 Bb7 20. Nd4 Qc8 21. Nf5
Bxd5 22. Rxd5 Ne5 23. Nxd6+ Bxd6 24. Rxd6 O-O 25. R6d5 Re8 26. Qd2 Qg4 27. Qc3
f3 28. Qe3 Nc4 29. Qd4 Qf4+ 30. Kb1 Rac8 31. Re1 Qxh2 32. e5 Qh3 33. Qf4 Qe6 34.
Qxf3 Rcd8 35. Rc5 Nd2+ 0-1

[Event "Mistrzostwa Polski Juniorow do lat 16 - Dziewczeta"]
[Site "Jastrzebia Gora"]
[Date "1899-12-30"]
[Round "9.4"]
[White "Pawicka, Magdalena"]
[Black "Smietanska, Wiktoria"]
[Result "0-1"]
[WhiteTitle "k+"]
[BlackTitle "CM"]
[WhiteElo "1805"]
[BlackElo "1954"]

1. e4 c5 2. Nf3 d6 3. d4 cxd4 4. Nxd4 Nf6 5. Nc3 a6 6. Bg5 Nbd7 7. Qe2 Qc7 8. f4
e5 9. Nf5 h6 10. Bxf6 Nxf6 11. Ne3 exf4 12. Ned5 Nxd5 13. Nxd5 Qc5 14. Rd1 Be7
15. Rd3 Bh4+ 16. g3 fxg3 17. hxg3 Bd8 18. b4 Qc4 19. e5 O-O 20. exd6 Bg4 21. Qd2
Qe4+ 22. Ne3 Qxh1 23. Nxg4 Bg5 24. Qg2 Rfe8+ 25. Kf2 Qxg2+ 26. Bxg2 h5 27. Ne3
Bxe3+ 28. Rxe3 Rxe3 29. Kxe3 Rd8 30. Bxb7 Rxd6 31. Bf3 g6 32. c4 Kf8 33. c5 Rd8
34. Bb7 Ke7 35. Bxa6 Ra8 36. b5 Kd7 37. Kd4 g5 38. Kd5 h4 39. gxh4 gxh4 40. c6+
Kc7 41. Kc5 Rb8 42. a4 h3 43. a5 Rxb5+ 44. Bxb5 h2 45. Kd4 0-1

[Event "Mistrzostwa Polski Juniorow do lat 16 - Dziewczeta"]
[Site "Jastrzebia Gora"]
[Date "1899-12-30"]
[Round "9.5"]
[White "Oborska, Magda"]
[Black "Ziobrowska, Maja"]
[Result "1/2-1/2"]
[WhiteTitle "I++"]
[BlackTitle "I++"]
[WhiteElo "1613"]
[BlackElo "1758"]

1. e4 e5 2. Nf3 Nc6 3. Bb5 a6 4. Bxc6 dxc6 5. d3 Bd6 6. h3 Ne7 7. Nbd2 c5 8. Nc4
Nc6 9. c3 Be6 10. Be3 h6 11. Nxd6+ Qxd6 12. d4 cxd4 13. cxd4 exd4 14. Bxd4 Qb4+
15. Qd2 Rd8 16. Qxb4 Nxb4 17. O-O f6 18. b3 Kf7 19. Bc3 Nd3 20. Rfd1 c5 21. Ba5
Rd7 22. Rd2 Nf4 23. Rad1 Rxd2 24. Rxd2 Rc8 25. Rc2 c4 26. Nd4 cxb3 27. Rxc8 Bxc8
28. Nxb3 Nd3 29. a3 Be6 30. Nd2 b5 31. Nb1 Nc5 32. Nc3 Bc4 33. f3 Nb7 34. Bb6
a5 35. Kf2 b4 36. axb4 axb4 37. Nd1 b3 38. Nb2 Bb5 39. g3 h5 40. h4 Ke6 41. Ke3
Nd6 42. Bc5 g5 43. Bb4 Nf7 44. Bc3 f5 45. hxg5 Nxg5 46. exf5+ Kxf5 47. g4+ Ke5
48. Ke4+ 1/2-1/2

[Event "Mistrzostwa Polski Juniorow do lat 16 - Dziewczeta"]
[Site "Jastrzebia Gora"]
[Date "1899-12-30"]
[Round "9.8"]
[White "Kaczmarek, Paulina"]
[Black "Sprzeczka, Emilia"]
[Result "0-1"]
[WhiteTitle "I+"]
[BlackTitle "I++"]
[WhiteElo "1317"]
[BlackElo "1887"]

1. e4 c5 2. Nf3 d6 3. d4 cxd4 4. Nxd4 Nf6 5. Nc3 g6 6. Be3 Bg7 7. f3 O-O 8. Qd2
Nc6 9. g4 Be6 10. Nxe6 fxe6 11. O-O-O Ne5 12. Be2 Qc8 13. Bh6 Nc4 14. Bxc4 Qxc4
15. Bxg7 Kxg7 16. h4 b5 17. h5 Rh8 18. g5 Nxh5 19. Qe3 Rhc8 20. Rh2 a5 21. f4
b4 22. Nb1 d5 23. exd5 Qxf4 24. Qxf4 Nxf4 25. d6 Ra7 26. Rd4 e5 27. Rd1 Rd7 28.
dxe7 Rxe7 29. Rdh1 Kg8 30. Kd1 e4 31. c3 Rc5 32. Re1 e3 33. Nd2 bxc3 34. bxc3
Rxc3 35. Ree2 Rd7 0-1